1013 1287 1452 1632 1091 1894 1235 1976 1683 1264 1280 1649 1794 1070 1051 1793 1598 1868 1791 1145 1407 1420 1239 1610 1218 1227 1621 1211 1070 1865 1196 1187 1738 1845 1554 1411 1029 1604 1225 1190 1088 1942 1293 1124 1435 1486 1646 1425 1729 1912 1259 1245 1152 1558 1063 1822 1165 1862 1917 1823 1975 1983 1983 1004 1678 1996 1238 1226 1089 1770 1533 1304 1355 1156 1152 1624 1288 1749 1013 1983 1669 1629 1219 1299 1640 1461 1662 1871 1933 1289 1005 1212 1518 1565 1714 1223 1526 1291 1708 BCNSPRNW ULIB Ver.6.0+V

เปลี่ยนเป็นภาษาไทย

Change to English
 แสดงรายละเอียดบรรณานุกรม
  กลับหน้าหลัก

Brief Record : Get Marc (ISO 2709) : E-mail record : QR code < ปิดหน้าต่าง
LEADER : 00000nam 2200000uu 4500
001    13399111764
003     ULIB
008    110707s2544||||th 000 0 tha d
020    97475209
050 04 G153.4^bช498ท 2544
100 0  ชาติ ภิรมย์กุล
245 10 เที่ยวไป-หัวเราะไป /^cชาติ ภิรมย์กุล
250    พิมพ์ครั้งที่ 2
260    กรุงเทพฯ :^bแพรวสำนักพิมพ์,^c2544
300    243 หน้า :^bภาพประกอบ
650  4 การท่องเที่ยว
945    ^p0^l0^i016011
995    ทศพร
999 ^a ใช้งานได้ทุกระบบ
รายการนี้ยังไม่มีแท็ก
คุณยังไม่ได้ล็อกอิน คุณสามารถมีกิจกรรมร่วมกับเว็บไซต์ได้ แต่ต้องล็อกอินก่อน ::
  ล็อกอิน

รายการสื่อสารสนเทศ

ลำดับที่ ประเภท เลขเรียก/บาร์โค้ด สถานที่ สถานะ
- ไม่พบข้อมูล -

รายการใกล้เคียง
    ผู้แต่ง [ชาติ ภิรมย์กุล]

    หัวเรื่อง [การท่องเที่ยว]

BibComment


ยังไม่เคยถูกคอมเมนท์

คอมเมนท์ทรัพยากรรายการนี้
  คอมเมนท์: เที่ยวไปหัวเราะไป..


 Copyright 2026. Bcnsprnw @Library